75 Readings : an anthology / (Record no. 3098)
[ view plain ]
| 000 -LEADER | |
|---|---|
| fixed length control field | 00788nam a22002297a 4500 |
| 003 - CONTROL NUMBER IDENTIFIER | |
| control field | OSt |
| 005 - DATE AND TIME OF LATEST TRANSACTION | |
| control field | 20160622191254.0 |
| 008 - FIXED-LENGTH DATA ELEMENTS--GENERAL INFORMATION | |
| fixed length control field | 160622b xxu||||| |||| 00| 0 eng d |
| 020 ## - INTERNATIONAL STANDARD BOOK NUMBER | |
| International Standard Book Number | 978-0-07-312513-8 (pbk. : acid-free paper) |
| 040 ## - CATALOGING SOURCE | |
| Transcribing agency | LIC |
| 082 ## - DEWEY DECIMAL CLASSIFICATION NUMBER | |
| Edition number | 2007 |
| Classification number | DC 808.0427 |
| Item number | B96r |
| 100 ## - MAIN ENTRY--PERSONAL NAME | |
| 9 (RLIN) | 10340 |
| Personal name | Buscemi, Santi V. |
| 245 ## - TITLE STATEMENT | |
| Title | 75 Readings : an anthology / |
| Statement of responsibility, etc. | edited by Santi V. Buscemi, Charlotte Smith. |
| 250 ## - EDITION STATEMENT | |
| Edition statement | 10th Edition |
| 260 ## - PUBLICATION, DISTRIBUTION, ETC. (IMPRINT) | |
| Place of publication, distribution, etc. | New York : |
| Name of publisher, distributor, etc. | McGraw-Hill Higher Education, |
| Date of publication, distribution, etc. | c2007. |
| 300 ## - PHYSICAL DESCRIPTION | |
| Extent | xxviii, 446 pages ; |
| Dimensions | 21 cm. |
| 500 ## - GENERAL NOTE | |
| General note | Includes bibliographical references and index. |
| 650 #0 - SUBJECT ADDED ENTRY--TOPICAL TERM | |
| 9 (RLIN) | 10341 |
| Topical term or geographic name as entry element | College readers |
| 650 #0 - SUBJECT ADDED ENTRY--TOPICAL TERM | |
| 9 (RLIN) | 10342 |
| Topical term or geographic name as entry element | English language |
| Form subdivision | Rhetoric |
| General subdivision | Problems, exercises, etc. |
| 700 ## - ADDED ENTRY--PERSONAL NAME | |
| 9 (RLIN) | 10343 |
| Personal name | Smith, Charlotte. |
| 942 ## - ADDED ENTRY ELEMENTS (KOHA) | |
| Source of classification or shelving scheme | Dewey Decimal Classification |
| Koha item type | Circulation |
| Withdrawn status | Lost status | Source of classification or shelving scheme | Damaged status | Not for loan | Collection code | Home library | Current library | Shelving location | Date acquired | Source of acquisition | Total Checkouts | Full call number | Barcode | Date last seen | Date last checked out | Copy number | Price effective from | Koha item type |
|---|---|---|---|---|---|---|---|---|---|---|---|---|---|---|---|---|---|---|
| Dewey Decimal Classification | Circulation | UM Digos College - LIC | UM Digos College - LIC | Book Cart | 09/29/2011 | Donation | 2 | DC 808.0427 B96r 2007 | 21786 | 08/27/2025 | 08/18/2025 | 1 | 06/22/2016 | Circulation | ||||
| Dewey Decimal Classification | Circulation | UM Digos College - LIC | UM Digos College - LIC | Book Cart | 09/27/2011 | Donated | 3 | DC 808.0427 B96r 2007 | 21800 | 08/22/2025 | 08/15/2025 | 2 | 08/22/2016 | Circulation |
